000 00568nam a2200217Ia 4500
003 OSt
005 20250215125013.0
008 210210b1953 xxu||||| |||| 00| 0 eng d
040 _cAL
041 _ahin
082 _a861/159
100 _aSHASTRI
_9200101
110 _bशास्त्री
_9200102
245 _aKavya sushama:
_bकाव्य सुशमा
260 _aDilli
_b-
_c1953
690 _aHindi Poetry
_9200103
700 _aCHAUDHURI (S)
_9200104
710 _bचौधुरी एस
_9200105
906 _a023179
942 _2ddc
_cBK
999 _c148102
_d148102